000 01502nam0a2200349 4500
001 RU\NLR\BIBL_A\022186445
005 20240705120046.0
010 _a978-5-00125-895-7
_9200
021 _aRU
_bКН-П-24-012214
_9КН-П-24-1270
035 _a(NLR Aleph) 022186445
090 _a12998985
_c12998985
100 _a20240403d2024 u y0rusy50 ca
101 0 _arus
102 _aRU
105 _ay w 000yy
181 1 _ai4
_baxxe
182 1 _an
200 1 _aЖена спасёт мужа
_e12 заповедей для мужа ко дню 8 марта и на каждый Божий день
_fРусский офицер, защитник женщин на планете Зeмля
203 _aТекст
_bвизуальный
_cнепосредственный
205 _a2-е изд., испр.
210 _aСанкт-Петербург
_cРеноме
_d2024
215 _a52, [1] с.
_d21
300 _aНа 4-й с. обл. авт.: Русский Офицер Куденко Михаил Николаевич, канд. воен. наук
320 _aБиблиогр. в подстроч. примеч.
333 _aНе для продажи
606 1 _aЖенщина и религия
_91189749
_3RU\NLR\AUTH\66480008
686 1 _aЭ211.267я9
700 1 _7ca
_8rus
_aКуденко
_bМ. Н.
_gМихаил Николаевич
_9247483
_3RU\NLR\AUTH\770247539
942 _cBOOK
980 _aNB